[Event "32nd Pula Open 2018"]
[Site "Pula CRO"]
[Date "2018.06.27"]
[Round "6.10"]
[White "Popovic, Milan S"]
[Black "Schnider, Gert"]
[Result "1-0"]
[BlackTitle "IM"]
[WhiteElo "2264"]
[BlackElo "2422"]
[WhiteFideId "940720"]
[BlackFideId "1606310"]
[EventDate "2018.06.23"]

1. d4 d5 2. Nf3 Nf6 3. Bf4 c5 4. e3 Nc6 5. Nbd2 Bg4 6. c3 e6 7. Qb3 Qc8 8. h3
Bh5 9. g4 Bg6 10. Nh4 Be7 11. Nxg6 hxg6 12. Bg2 Qd7 13. Nf3 O-O 14. Ne5 Nxe5 15.
dxe5 Ne4 16. Qc2 Qc6 17. c4 Ng5 18. h4 Nh7 19. Rd1 Rfd8 20. Qd2 Qa4 21. cxd5
exd5 22. Bxd5 c4 23. Qd4 Nf8 24. Qxc4 Qa5+ 25. Ke2 Rac8 26. Bxf7+ Kh8 27. Qb3
Qa6+ 28. Kf3 Qc6+ 29. Bd5 Qc5 30. g5 Nh7 31. Kg2 Rf8 32. h5 b5 1-0

[Event "32nd Pula Open 2018"]
[Site "Pula CRO"]
[Date "2018.06.28"]
[Round "7.1"]
[White "Zelcic, Robert"]
[Black "Haria, Ravi"]
[Result "1/2-1/2"]
[WhiteTitle "GM"]
[BlackTitle "IM"]
[WhiteElo "2499"]
[BlackElo "2440"]
[WhiteFideId "14500310"]
[BlackFideId "415820"]
[EventDate "2018.06.23"]

1. e4 e6 2. d4 d5 3. Nc3 Bb4 4. e5 Ne7 5. a3 Bxc3+ 6. bxc3 c5 7. Qg4 Qc7 8. Qxg7
Rg8 9. Qxh7 cxd4 10. Qd3 dxc3 11. Ne2 Nbc6 12. Qxc3 Bd7 13. Bb2 Nf5 14. O-O-O
Qb6 15. Qf3 Rc8 16. g4 Nh4 17. Qg3 Nf5 18. Qf4 Nfe7 19. Nd4 Ng6 20. Qe3 Ngxe5
21. h3 Nxd4 22. Rxd4 Qc5 23. Rd2 Qxe3 24. fxe3 f6 25. Bxe5 fxe5 26. Be2 Ke7 27.
h4 e4 28. Kb2 Rcf8 29. Bd1 Rg7 30. g5 Be8 31. Rg2 Rfg8 32. Kb3 Kd6 33. c4 Ke5
34. Bg4 Rh8 35. Be2 Rhg8 36. Rf2 Rh8 37. Rfh2 Bf7 38. Kb4 Be8 39. Rg1 Rhg8 40.
Rc1 Rh8 41. Rg1 Rhg8 42. cxd5 exd5 43. Rc1 Bc6 44. a4 Rh8 45. Rg1 Rhg8 46. Bb5
Bxb5 47. axb5 d4 48. exd4+ Kxd4 49. Rh3 a6 50. Rd1+ Ke5 51. Re1 Rh8 52. Rhh1
axb5 53. Rc1 Rgh7 54. Rc5+ Kd4 55. Rd1+ Ke3 56. Re1+ Kd4 57. Rd1+ Ke3 58. Re1+
Kd4 59. Rd1+ 1/2-1/2

[Event "32nd Pula Open 2018"]
[Site "Pula CRO"]
[Date "2018.06.28"]
[Round "7.2"]
[White "McPhillips, Joseph"]
[Black "Fernandez, Daniel Howard"]
[Result "1/2-1/2"]
[WhiteTitle "FM"]
[BlackTitle "GM"]
[WhiteElo "2399"]
[BlackElo "2485"]
[WhiteFideId "422487"]
[BlackFideId "5801605"]
[EventDate "2018.06.23"]

1. e4 e5 2. Nf3 Nf6 3. Nxe5 d6 4. Nf3 Nxe4 5. c4 Nc6 6. Nc3 Nxc3 7. dxc3 Be7 8.
Bd3 Ne5 9. Nxe5 dxe5 10. Qc2 Be6 11. O-O c6 12. Re1 Qc7 13. Be3 g6 14. Bh6 Bf8
15. Bxf8 Kxf8 16. Qe2 Rd8 17. Qe3 Kg7 18. Bf1 b6 19. c5 Rhe8 20. cxb6 axb6 21.
Qxe5+ Qxe5 22. Rxe5 Rd2 23. b4 Rc2 24. a4 Rxc3 25. a5 Rb3 26. b5 bxa5 27. bxc6
Rc3 28. Rexa5 1/2-1/2

[Event "32nd Pula Open 2018"]
[Site "Pula CRO"]
[Date "2018.06.28"]
[Round "7.3"]
[White "Ostovic, Matija"]
[Black "Gumularz, Szymon"]
[Result "1/2-1/2"]
[WhiteTitle "FM"]
[BlackTitle "IM"]
[WhiteElo "2352"]
[BlackElo "2452"]
[WhiteFideId "14515547"]
[BlackFideId "1188062"]
[EventDate "2018.06.23"]

1. Nf3 Nf6 2. c4 g6 3. d4 Bg7 4. g3 O-O 5. Bg2 d6 6. O-O Nc6 7. d5 Na5 8. Nbd2
c5 9. e4 a6 10. Rb1 b5 11. b3 Rb8 12. Qc2 Bd7 13. Bb2 e5 14. dxe6 Bxe6 15. cxb5
axb5 16. Rbd1 Qb6 17. e5 Bf5 18. Qc1 dxe5 19. Nxe5 Rbd8 20. Ndf3 Be4 21. Qf4 Bb7 1/2-1/2

[Event "32nd Pula Open 2018"]
[Site "Pula CRO"]
[Date "2018.06.28"]
[Round "7.4"]
[White "Tratar, Marko"]
[Black "Popovic, Milan S"]
[Result "1/2-1/2"]
[WhiteTitle "GM"]
[WhiteElo "2449"]
[BlackElo "2264"]
[WhiteFideId "14600684"]
[BlackFideId "940720"]
[EventDate "2018.06.23"]

1. c4 e5 2. g3 Nc6 3. Nc3 Bc5 4. Bg2 a6 5. e3 d6 6. Nge2 Ba7 7. b3 Nge7 8. Bb2
h5 9. h4 Bf5 10. d3 Qd7 11. Qd2 Rb8 12. Nd5 Nd8 13. d4 f6 14. e4 Bg4 15. f3 Be6
16. Ne3 O-O 17. d5 Bf7 18. Bh3 Qe8 19. Rc1 Bg6 20. Qd3 Qf7 21. g4 Bh7 22. Nf5
hxg4 23. fxg4 Nxf5 24. gxf5 Qh5 25. Qg3 Kh8 26. Rc3 Qe8 27. Bc1 Nf7 28. Bg4 Nh6
29. Bf3 Rg8 30. Rh2 c6 31. Rg2 Rc8 32. dxc6 bxc6 33. Qh3 d5 1/2-1/2

[Event "32nd Pula Open 2018"]
[Site "Pula CRO"]
[Date "2018.06.28"]
[Round "7.5"]
[White "Plenca, Jadranko"]
[Black "Horton, Andrew P"]
[Result "1-0"]
[WhiteTitle "IM"]
[BlackTitle "FM"]
[WhiteElo "2482"]
[BlackElo "2407"]
[WhiteFideId "14527146"]
[BlackFideId "424269"]
[EventDate "2018.06.23"]

1. e4 e5 2. Nf3 Nc6 3. Bb5 a6 4. Ba4 Nf6 5. d3 d6 6. c4 g6 7. Nc3 Bg7 8. Nd5 h6
9. Nb4 Bd7 10. Nxc6 Bxc6 11. Bxc6+ bxc6 12. b4 O-O 13. O-O Re8 14. Bd2 Nh7 15.
Qc2 Qd7 16. Rab1 Nf8 17. a4 Rab8 18. Rb2 Ne6 19. Rfb1 Rb7 20. h3 Reb8 21. Bc3
Qe8 22. Nd2 Ra8 23. Nb3 Rbb8 24. Na5 Qd7 25. b5 cxb5 26. axb5 axb5 27. cxb5 Kh7
28. Nc4 Bf8 29. b6 Rb7 30. Ba5 Nd4 31. Qd1 c6 32. Bd2 Nb5 33. Qe1 Bg7 34. Be3
Rbb8 35. Na5 Na3 36. Ra1 Nb5 37. Qb4 Ra6 38. Rc1 Na7 39. Nxc6 Nxc6 40. Qb5 Rbxb6
41. Bxb6 Nb8 42. Rc7 Ra1+ 43. Kh2 Qe6 44. Be3 Na6 45. Ra7 1-0

[Event "32nd Pula Open 2018"]
[Site "Pula CRO"]
[Date "2018.06.28"]
[Round "7.6"]
[White "Mayr, Thomas"]
[Black "Saric, Ante"]
[Result "0-1"]
[WhiteTitle "CM"]
[BlackTitle "GM"]
[WhiteElo "2218"]
[BlackElo "2543"]
[WhiteFideId "1607677"]
[BlackFideId "14506254"]
[EventDate "2018.06.23"]

1. e4 c5 2. Ne2 Nc6 3. c4 Nf6 4. Nbc3 e6 5. d4 cxd4 6. Nxd4 Bb4 7. Nxc6 bxc6 8.
Bd3 e5 9. O-O d6 10. Na4 Be6 11. f4 exf4 12. Bxf4 Ng4 13. Be2 Ne5 14. a3 Ba5 15.
c5 Bc7 16. Qc2 O-O 17. cxd6 Bxd6 18. Bg3 Qe7 19. Qc3 f6 20. Rac1 Rab8 21. b4 a5
22. Nc5 axb4 23. axb4 Bf7 24. Rfd1 Rfd8 25. Rd4 h6 26. Rcd1 Kh7 27. h3 Bg6 28.
Bg4 Bxc5 29. bxc5 Rxd4 30. Qxd4 Rb3 31. Bxe5 fxe5 32. Qc4 Rb5 33. Rd6 Qg5 34.
Qd3 Rxc5 35. Rxg6 Rc1+ 36. Kf2 Qf4+ 37. Bf3 Kxg6 38. Ke2 Kh7 0-1

[Event "32nd Pula Open 2018"]
[Site "Pula CRO"]
[Date "2018.06.28"]
[Round "7.7"]
[White "Fercec, Nenad"]
[Black "Uwira, Oliver"]
[Result "1-0"]
[WhiteTitle "GM"]
[BlackTitle "FM"]
[WhiteElo "2436"]
[BlackElo "2224"]
[WhiteFideId "14500299"]
[BlackFideId "4646630"]
[EventDate "2018.06.23"]

1. e4 c5 2. Nf3 Nc6 3. d4 cxd4 4. Nxd4 Nf6 5. Nc3 e5 6. Ndb5 d6 7. Bg5 a6 8. Na3
b5 9. Nd5 Be7 10. Bxf6 Bxf6 11. c4 b4 12. Nc2 a5 13. Qf3 Bg5 14. h4 Bh6 15. g4
Bf4 16. Rd1 O-O 17. Nxf4 Qf6 18. g5 Qxf4 19. Qxf4 exf4 20. f3 a4 21. Rxd6 Ne5
22. Be2 b3 23. axb3 axb3 24. Na3 Be6 25. Kd2 Nd7 26. Kc3 Nc5 27. Nb5 Rfb8 28.
Rb1 g6 29. Rc6 Na4+ 30. Kb4 Nb6 31. Rd1 Ra4+ 32. Kxb3 Bxc4+ 33. Rxc4 Nxc4 34.
Bxc4 Ra7 35. Rd6 Rab7 36. Kb4 Kg7 37. Rf6 h6 38. Rxf4 hxg5 39. hxg5 Re8 40. Bd5
Rbe7 41. Rf6 1-0

[Event "32nd Pula Open 2018"]
[Site "Pula CRO"]
[Date "2018.06.28"]
[Round "7.8"]
[White "Karsay, Pascal"]
[Black "Loncar, Robert"]
[Result "1/2-1/2"]
[BlackTitle "IM"]
[WhiteElo "2227"]
[BlackElo "2423"]
[WhiteFideId "12953474"]
[BlackFideId "14501325"]
[EventDate "2018.06.23"]

1. Nf3 d5 2. g3 g6 3. Bg2 Bg7 4. d4 Nd7 5. O-O Ngf6 6. c4 dxc4 7. Nbd2 Nb6 8.
Nxc4 Nxc4 9. Qa4+ c6 10. Qxc4 Be6 11. Qb4 Qb6 12. Qa3 Bd5 13. Re1 Be4 14. Bf1
O-O 15. Ng5 Qxd4 16. Be3 Qd7 17. Rad1 Qc7 18. Bd4 Bf5 19. e4 Bg4 20. f3 Bc8 21.
f4 Bg4 22. Be5 Qc8 23. Qxe7 Bxd1 24. Rxd1 h6 25. Nxf7 Rxf7 26. Bc4 Nd5 27. Qd6
Qg4 28. Rxd5 Bf8 29. Qd7 Bc5+ 30. Kg2 Rxd7 31. Rxd7+ Kf8 32. Rh7 Qd1 33. Rh8+
Ke7 34. Rh7+ Ke8 35. Bf7+ Kf8 36. Bxg6 Qe2+ 37. Kh3 Qc4 38. Rh8+ Ke7 39. Rh7+
Kf8 40. Rh8+ Ke7 41. Rh7+ 1/2-1/2

[Event "32nd Pula Open 2018"]
[Site "Pula CRO"]
[Date "2018.06.29"]
[Round "8.1"]
[White "Haria, Ravi"]
[Black "Tratar, Marko"]
[Result "1/2-1/2"]
[WhiteTitle "IM"]
[BlackTitle "GM"]
[WhiteElo "2440"]
[BlackElo "2449"]
[WhiteFideId "415820"]
[BlackFideId "14600684"]
[EventDate "2018.06.23"]

1. Nf3 b6 2. g3 Bb7 3. Bg2 g6 4. O-O Bg7 5. c4 c5 6. Nc3 Nc6 7. b3 e6 8. Bb2
Nge7 9. Qc1 O-O 10. Nb5 d5 11. Bxg7 Kxg7 12. Qb2+ Kg8 13. cxd5 Nxd5 14. Rfd1 a6
15. Na3 Qe7 16. Nc4 b5 17. Nce5 Nxe5 18. Nxe5 f6 19. Nc4 Nb4 20. Bxb7 Qxb7 21.
Ne3 e5 22. Rac1 Rac8 23. a3 Nd5 24. Nxd5 Qxd5 25. d3 Rc6 26. Rc3 Rfc8 27. Rdc1
Kg7 28. R1c2 R6c7 29. Qc1 Rc6 30. Qf1 R8c7 31. Qg2 Qxg2+ 32. Kxg2 Kf7 33. Kf3
Ke6 34. Ke3 h5 35. h4 Kf5 36. b4 1/2-1/2

[Event "32nd Pula Open 2018"]
[Site "Pula CRO"]
[Date "2018.06.29"]
[Round "8.3"]
[White "McPhillips, Joseph"]
[Black "Zelcic, Robert"]
[Result "1/2-1/2"]
[WhiteTitle "FM"]
[BlackTitle "GM"]
[WhiteElo "2399"]
[BlackElo "2499"]
[WhiteFideId "422487"]
[BlackFideId "14500310"]
[EventDate "2018.06.23"]

1. e4 c6 2. Nf3 d5 3. Nc3 Bg4 4. h3 Bxf3 5. Qxf3 e6 6. a3 Nd7 7. g3 Ngf6 8. Bg2
Bc5 9. d3 Bd4 10. Nd1 O-O 11. O-O b5 12. Qe2 Qc7 13. Bf4 e5 14. Bg5 dxe4 15.
dxe4 h6 16. Bd2 Rfe8 17. a4 a6 18. c3 Bb6 19. b4 bxa4 20. Nb2 a5 21. Nxa4 Ba7
22. bxa5 Qxa5 23. Nb2 Qc7 24. Nc4 Bc5 25. Be3 Reb8 26. Kh2 Kh7 27. Qf3 Bxe3 28.
Qxe3 Rxa1 29. Rxa1 Nb6 30. Bf1 Ne8 31. Kg2 Nxc4 32. Bxc4 Nd6 33. Ra7 Qb6 34.
Qxb6 Rxb6 35. Bxf7 Nxe4 36. h4 h5 37. Be6 Kg6 38. Bf7+ Kh6 39. Re7 Rb2 40. Re6+
g6 41. Kf3 Nxf2 42. Kg2 Ne4+ 43. Kf3 Nd2+ 44. Kg2 Ne4+ 1/2-1/2

[Event "32nd Pula Open 2018"]
[Site "Pula CRO"]
[Date "2018.06.29"]
[Round "8.7"]
[White "Popovic, Milan S"]
[Black "Fercec, Nenad"]
[Result "0-1"]
[BlackTitle "GM"]
[WhiteElo "2264"]
[BlackElo "2436"]
[WhiteFideId "940720"]
[BlackFideId "14500299"]
[EventDate "2018.06.23"]

1. e4 e5 2. Nc3 Nf6 3. Bc4 Nxe4 4. Qh5 Nd6 5. Bb3 Be7 6. Qxe5 O-O 7. d4 c6 8.
Nge2 Ne8 9. O-O d5 10. Bf4 Nd7 11. Qe3 Nd6 12. Qd2 Nb6 13. Rad1 Nbc4 14. Bxc4
Nxc4 15. Qc1 Bf5 16. Ng3 Bg6 17. Be3 h5 18. b3 Nd6 19. Nge2 h4 20. f3 Re8 21.
Qd2 Nf5 22. Nb1 Bh7 23. c3 g5 24. Rfe1 f6 25. Bf2 Bd6 26. g4 Ng7 27. c4 Bc7 28.
Kg2 Qd6 29. Bg1 Re7 30. Nbc3 a6 31. c5 Qd7 32. Nc1 Ne6 33. b4 Rae8 34. a4 Bf4
35. Be3 Bxe3 36. Qxe3 Nf4+ 0-1

[Event "32nd Pula Open 2018"]
[Site "Pula CRO"]
[Date "2018.06.29"]
[Round "8.9"]
[White "Loncar, Robert"]
[Black "Babic, Zvonko"]
[Result "1-0"]
[WhiteTitle "IM"]
[WhiteElo "2423"]
[BlackElo "2208"]
[WhiteFideId "14501325"]
[BlackFideId "14509105"]
[EventDate "2018.06.23"]

1. d4 d5 2. c4 e6 3. Nf3 c6 4. Nbd2 Nf6 5. Qc2 Nbd7 6. g3 Bd6 7. Bg2 O-O 8. O-O
Re8 9. Rd1 Qe7 10. Nh4 Nf8 11. e4 dxe4 12. Nxe4 Nxe4 13. Qxe4 Bd7 14. Nf3 Rad8
15. Be3 Bc8 16. a3 Nd7 17. h3 a6 18. Re1 Qf8 19. Bf4 Nf6 20. Qe3 Nd7 21. Rad1
Bxf4 22. Qxf4 Nb6 23. Bf1 Na4 24. Qc1 Nb6 25. Qe3 Nd7 1-0

[Event "32nd Pula Open 2018"]
[Site "Pula CRO"]
[Date "2018.06.29"]
[Round "8.10"]
[White "Zufic, Miroslav"]
[Black "Karsay, Pascal"]
[Result "1-0"]
[WhiteTitle "IM"]
[WhiteElo "2384"]
[BlackElo "2227"]
[WhiteFideId "14506157"]
[BlackFideId "12953474"]
[EventDate "2018.06.23"]

1. d4 Nf6 2. Nf3 e6 3. e3 b6 4. Bd3 Bb7 5. O-O Be7 6. c4 O-O 7. Nc3 d5 8. cxd5
exd5 9. b3 Nbd7 10. Bb2 c5 11. Ne5 cxd4 12. exd4 Ne4 13. Ne2 Rc8 14. f3 Nd6 15.
Qb1 g6 16. g4 f6 17. Bxg6 hxg6 18. Qxg6+ Kh8 19. Nf4 Qe8 20. Qh6+ Kg8 21. Neg6
Nf7 22. Nxe7+ Qxe7 23. Qg6+ Kh8 24. Rae1 Qd6 25. Ne6 1-0

[Event "32nd Pula Open 2018"]
[Site "Pula CRO"]
[Date "2018.06.30"]
[Round "9.7"]
[White "Franic, Milan"]
[Black "Loncar, Robert"]
[Result "0-1"]
[WhiteTitle "IM"]
[BlackTitle "IM"]
[WhiteElo "2379"]
[BlackElo "2423"]
[WhiteFideId "14500272"]
[BlackFideId "14501325"]
[EventDate "2018.06.23"]

1. d4 d5 2. c4 e6 3. Nc3 Nf6 4. Bg5 dxc4 5. e4 c5 6. d5 Be7 7. Bxf6 Bxf6 8. Bxc4
exd5 9. Bxd5 O-O 10. Nf3 Nc6 11. O-O Bg4 12. h3 Bh5 13. Re1 Qa5 14. g4 Bg6 15.
e5 Be7 16. Bxc6 bxc6 17. Qd7 Bd8 18. Rac1 Rb8 19. b3 Qa6 20. e6 Rb7 21. Qd6 Bc7
22. Qd1 fxe6 23. Na4 Bb6 24. Rxe6 Rbf7 25. Rc3 c4 26. Nxb6 axb6 27. bxc4 Qxa2
28. Kg2 Rf4 29. Qe1 Rxc4 30. Rxc6 Rxc6 31. Rxc6 Rxf3 32. Rc8+ Rf8 33. Rxf8+ Kxf8
34. Qb4+ Kg8 35. Qxb6 Qd5+ 36. f3 Be8 37. Qb8 Qd2+ 38. Kg3 Qe3 39. Kg2 h6 40. h4
Qe7 41. h5 Qf8 42. Qb3+ Bf7 43. Qd3 Qa8 44. Kg3 Qd5 45. Qc3 Qd6+ 46. Kg2 Bd5 47.
Qc8+ Qf8 48. Qc3 Qe8 49. Kf2 Qc6 50. Qe3 Qf6 51. Kg3 Kf7 52. Kg2 Qd6 53. Qd3 Qe5
54. Kf2 Ke7 55. Kg2 Bc6 56. Qa3+ Ke6 57. Qd3 Bb5 58. Qb3+ Kf6 59. Qa3 Qe2+ 60.
Kh3 Qf1+ 61. Kh2 Qf2+ 62. Kh1 Kg5 63. Qe7+ Kf4 64. Qc7+ Kxf3 65. Qc3+ Qe3 0-1

[Event "32nd Pula Open 2018"]
[Site "Pula CRO"]
[Date "2018.06.30"]
[Round "9.10"]
[White "Beletic, Daniel"]
[Black "Zherebtsova, Alexandra"]
[Result "1-0"]
[WhiteTitle "FM"]
[BlackTitle "WFM"]
[WhiteElo "2370"]
[BlackElo "2195"]
[WhiteFideId "14602709"]
[BlackFideId "24129518"]
[EventDate "2018.06.23"]

1. d4 Nf6 2. Nf3 c5 3. d5 b5 4. Bg5 Qb6 5. Bxf6 Qxf6 6. c3 g6 7. e4 Qb6 8. a4
bxa4 9. Na3 d6 10. Qxa4+ Bd7 11. Bb5 Bg7 12. Bxd7+ Nxd7 13. Nc4 Qd8 14. Qa5 Qb8
15. Qa4 Qd8 16. Na5 O-O 17. Nc6 Qe8 18. O-O a6 19. Nd2 Nb8 20. Na5 Qb5 21. Ndc4
f5 22. Qc2 Nd7 23. f4 Nb6 24. Nxb6 Qxb6 25. Rfe1 fxe4 26. Rxe4 c4+ 27. Kh1 Qb5
28. Nxc4 Rac8 29. Ne3 e5 30. dxe6 d5 31. Rea4 d4 32. Ra5 Qe8 33. Nd5 Qxe6 34. c4
Rfe8 35. h3 Qe2 36. Qxe2 Rxe2 37. Rxa6 d3 38. Rd1 Rxc4 39. Ra8+ Kf7 40. Ra7+ Kf8
41. Rxd3 Rxb2 42. Nb6 Rd4 43. Nd7+ Ke8 44. Re3+ Kd8 45. Nc5 Rd1+ 46. Kh2 Bh6 47.
Ne6+ Kc8 48. Rxh7 Rdd2 49. Rg3 1-0